000 00607nam a22001457a 4500
020 _a81-264-0256-3
082 _a894.812.3
_bTOL/A
100 _aTOLSTOY
245 _aANNAKARENEENA
260 _aKOTTAYAM
_bDC BOOKS
_c2007
300 _a99
520 _aThe narrative centres on the adulterous affair between Anna, wife of Aleksey Karenin, and Count Vronsky, a young bachelor. Karenin's discovery of the liaison arouses only his concern for his own public image. Anna promises discretion for the sake of her husband and young son but eventually becomes pregnant by Vronsky.
650 _aNOVEL
942 _cBK
999 _c5126
_d5126